000 00653nam a2200169 i 4500
001 164768
003 ES-MaACL
005 20230906213011.0
008 010525s1881 cu |||| | spa d
040 _aCCPB | B
_bspa
_cCCPB | B
100 1 _aSanz, Gerónimo.
_9132466
245 1 0 _aPoesías de Geronimo Sanz /
_cprecedidas de una carta prólogo de Rafael M. de Mendive.
260 _aHabana :
_b[s.n.],
_c1881 (
_fimprenta militar de la viuda de Soler)
300 _aVIII, 158, [2] p. ;
_c19 cm.
700 1 _aMendive, Rafael M. de.
_9129825
852 _aES-MaACL
_jT-767-F-5
_z-- Enc. hol., conservando la cub. original
_z-- Enc. en un vol. facticio
999 _c164768
_d164768